| 000 | 00766cam a22002411 4500 | ||
|---|---|---|---|
| 001 | 37639 | ||
| 003 | SpMaBN | ||
| 005 | 20230911063136.0 | ||
| 008 | 900725s1906 sp spa | ||
| 016 | 7 |
_abimoBNE19970255765 _zIND9100020602 _2SpMaBN |
|
| 035 | _a(OCoLC)431181506 | ||
| 040 |
_aSpMaBN _bspa _cA2 |
||
| 100 | 1 |
_aÁlvarez y Builla y Godino, José, _dn. 1881 _0XX1192333 _9234208 |
|
| 245 | 1 | 0 |
_aEstudio comparativo acerca de la Ley del descanso dominical : _btesis... |
| 260 |
_aOviedo : _bUria Hermanos, _c1906 |
||
| 300 |
_a126 p., 1 h.; _c21 cm |
||
| 500 | _aTesis doctoral | ||
| 650 | 7 |
_aDescanso dominical _9151809 |
|
| 942 | _2udc | ||
| 956 | _a1 | ||
| 980 |
_aRúst. _aSpMaBN _bBNMADRID _jVC/337/14 _cSG_RECOLET |
||
| 999 |
_c37639 _d37639 |
||